[Event "Madrid ch Sub-16 2021"]
[Site "Madrid ESP"]
[Date "2021.04.25"]
[Round "5.6"]
[White "Ferrando Marti, Roberto"]
[Black "Suarez Hernan, Santiago"]
[Result "0-1"]
[WhiteElo "1576"]
[BlackElo "1427"]
[PlyCount "103"]
[EventDate "2021.04.17"]
[EventType "swiss"]
[EventRounds "5"]
[EventCountry "ESP"]
[SourceTitle "Ajedrez en Madrid"]
[Source "lmi"]
[SourceDate "2021.04.17"]
[SourceVersion "1"]
[SourceVersionDate "2021.04.29"]
[SourceQuality "1"]

1. Nf3 d5 2. g3 Bf5 3. d4 e6 4. Bg2 c6 5. O-O h6 6. b3 Bd6 7. c3 Nd7 8. Ba3
Bxa3 9. Nxa3 Qa5 10. Qc1 Ngf6 11. c4 O-O 12. Qb2 Rfe8 13. Rac1 Ne4 14. Nb1 Qd8
15. Nc3 Nd6 16. cxd5 exd5 17. Na4 Ne4 18. Nd2 Ng5 19. Rfe1 Nh3+ 20. Bxh3 Bxh3
21. Nc5 Nxc5 22. Rxc5 Bg4 23. f3 Bh5 24. Kf2 Re6 25. Rc3 Qf6 26. Re3 Rxe3 27.
Kxe3 Re8+ 28. Kf2 c5 29. e3 g5 30. Qc3 cxd4 31. Qxd4 Qxd4 32. exd4 Rxe1 33.
Kxe1 f6 34. Kf2 Bg6 35. Ke3 Kf7 36. b4 Ke6 37. f4 g4 38. Nb3 b6 39. Nc1 Kd6 40.
Ne2 Kc6 41. Nc3 Bh7 42. Kf2 Bf5 43. Kg2 Be6 44. a3 Bf5 45. Kf2 Be6 46. Ke2 Bf5
47. Kd2 Bg6 48. Nd1 h5 49. Ne3 Be4 50. Kc3 Kb5 51. Kb3 Bd3 52. Nxd5 0-1

[Event "Madrid ch Sub-16 2021"]
[Site "Madrid ESP"]
[Date "2021.04.25"]
[Round "5.7"]
[White "Neagu, Roberto Florin"]
[Black "Lavayen Torres, Leonardo"]
[Result "0-1"]
[WhiteElo "1965"]
[BlackElo "1661"]
[PlyCount "112"]
[EventDate "2021.04.17"]
[EventType "swiss"]
[EventRounds "5"]
[EventCountry "ESP"]
[SourceTitle "Ajedrez en Madrid"]
[Source "lmi"]
[SourceDate "2021.04.17"]
[SourceVersion "1"]
[SourceVersionDate "2021.04.29"]
[SourceQuality "1"]

1. d4 Nf6 2. c4 g6 3. Nc3 Bg7 4. e4 d6 5. Nf3 Nbd7 6. Be2 e5 7. O-O O-O 8. d5
Nc5 9. Qc2 a5 10. b3 Nh5 11. Re1 f5 12. Bd3 f4 13. Rd1 g5 14. Ne1 g4 15. Bf1 g3
16. h3 gxf2+ 17. Qxf2 Qg5 18. g4 Nf6 19. Qg2 Qg6 20. Bd3 f3 21. Nxf3 Nxg4 22.
Be2 Nf6 23. Qxg6 hxg6 24. Ng5 Bh6 25. Bf1 Bxg5 26. Bxg5 Nfxe4 27. Nxe4 Nxe4 28.
Bh6 Rf3 29. Bg2 Rg3 30. Kh2 Bf5 31. Rf1 Rd3 32. Rfe1 Nf6 33. Rac1 Kf7 34. Bf1
Rd4 35. Be3 Rh4 36. Bg5 Rh5 37. Bxf6 Kxf6 38. c5 Ke7 39. Re3 dxc5 40. Rxc5 Kd6
41. Rcc3 Rc8 42. Bg2 Rch8 43. a3 g5 44. Kg1 Rh4 45. Rg3 g4 46. hxg4 Rxg4 47.
Rxg4 Bxg4 48. Kf2 Rf8+ 49. Ke3 Bh5 50. Rc1 Rg8 51. Kf2 Bf7 52. Be4 Rg4 53. Kf3
Bh5 54. Rc4 Rh4+ 55. Kf2 Rh2+ 56. Bg2 Bf7 0-1

[Event "Madrid ch Sub-16 2021"]
[Site "Madrid ESP"]
[Date "2021.04.25"]
[Round "5.8"]
[White "Carretero Badorrey, Alejandro"]
[Black "Tenorio Garcia, Joel"]
[Result "0-1"]
[WhiteElo "1225"]
[BlackElo "1913"]
[PlyCount "84"]
[EventDate "2021.04.17"]
[EventType "swiss"]
[EventRounds "5"]
[EventCountry "ESP"]
[SourceTitle "Ajedrez en Madrid"]
[Source "lmi"]
[SourceDate "2021.04.17"]
[SourceVersion "1"]
[SourceVersionDate "2021.04.29"]
[SourceQuality "1"]

1. d4 Nf6 2. Bf4 g6 3. e3 Bg7 4. Nf3 d6 5. c3 O-O 6. Bc4 c5 7. O-O Nc6 8. h3
Qb6 9. Qb3 Na5 10. Qxb6 axb6 11. Nbd2 Nxc4 12. Nxc4 Be6 13. Na3 h6 14. Nd2 Nd5
15. Bh2 Nxc3 16. bxc3 Rxa3 17. Rfc1 Rfa8 18. Rab1 Rxa2 19. Nf3 Bf5 20. Rxb6 Ra1
21. Re1 Rxe1+ 22. Nxe1 Ra1 23. f3 Rxe1+ 24. Kf2 Rb1 25. dxc5 Rxb6 26. cxb6 Bxc3
27. Bf4 g5 28. Bg3 Ba5 29. Ke2 Bxb6 30. Be1 Kf8 31. Bc3 Bd7 32. Bb2 Bb5+ 33.
Kf2 e5 34. Bc3 f5 35. g3 f4 36. gxf4 gxf4 37. Ke1 fxe3 38. Bb4 Bd8 39. Kd1 e2+
40. Kc2 Bh4 41. Bxd6+ Kf7 42. Bb4 e1=Q 0-1